000 01270cam a22003737a 4500
003 CHAP
005 20220817042746.0
008 971013s1978 r 00010 d
010 _a54699
011 _a55671
035 _a59823
040 _cCHAP
090 _aFolleto 4557
100 0 0 _aSands, Michael.
_9102197
245 1 4 _aThe potential of the goat for milk production in the tropics
260 _aIthaca :
_bNew York State College of Agriculture and Life Sciences,
_c1978
300 _a53 p.
490 0 _aCornell international agriculture mimeograph
_v; 60
590 _aBATCH-UPD
_b10
_c20130110
_lUCH01
_h0331
590 _aBATCH-UPD
_b10
_c20130110
_lUCH01
_h1937
590 _aBATCH-UPD
_b10
_c20130410
_lUCH01
_h0004
590 _aBATCH-UPD
_b10
_c20130914
_lUCH01
_h1049
590 _aCONVERSION
_b10
_c20130109
_lUCH01
_h1330
650 1 4 _aGanado cabrío.
_944988
650 1 4 _aGanado cabrío
_xReproducción.
_945043
650 1 4 _aGanado cabrío
_xTrópicos.
_945050
650 1 4 _aLeche de cabra.
_965422
650 1 4 _aLeche
_xProducción.
_965400
700 0 _aMcDowell, Robert.
_973496
830 0 _aCornell international agriculture mimeograph
_v; 60
901 _aBK
942 _cFOLL
949 _aFolleto 4557
_bBC
_cFOLL
_d-129215
_eTS1
_i59823
_mD
_si
999 _c54699
_d54699